| 000 | 00945cam a22002771 4500 | ||
|---|---|---|---|
| 001 | gs 40000038 | ||
| 003 | DLC | ||
| 005 | 20260227111345.0 | ||
| 008 | 810401s1939 ua abf b 000 0 eng c | ||
| 010 | _ags 40000038 | ||
| 035 | _a(OCoLC)7294295 | ||
| 040 |
_aU.S. Geol. survey. Library _cFTS _dFTS _dMH-A _dDLC |
||
| 042 | _apremarc | ||
| 043 | _af-ua--- | ||
| 050 | 0 | 0 |
_aGB341 _b.B3 |
| 082 | _a720 | ||
| 100 | 1 |
_aBall, John, _d1872-1941. |
|
| 245 | 1 | 0 |
_aContributions to the geography of Egypt, _cby John Ball. |
| 260 |
_aCairo, _bGovernment Press, Bulaq, _c1939. |
||
| 300 |
_axv, 308 p.: _bincl. illus., tables, diagrs. ix pl. (incl. 4 fold. maps, incl. front.) _c27 1/2 cm. |
||
| 500 | _aAt head of title: Ministry of Finance, Egypt. Survey and Mines Department. | ||
| 504 | _aBibliographical footnotes. | ||
| 650 | 0 |
_aGeography _zEgypt. |
|
| 650 | 0 |
_aGeology _zEgypt. |
|
| 710 | 1 |
_aEgypt. _bMaṣlaḥat al-Misāḥah wa-al-Manājim. |
|
| 999 |
_c27610 _d27610 |
||